| 000 | 00346nam a2200145Ia 4500 | ||
|---|---|---|---|
| 005 | 20251222141903.0 | ||
| 008 | 251222s9999||||xx |||||||||||||| ||spa|| | ||
| 020 | _a987-538-110-1 | ||
| 082 | _a371.302.81/O24 | ||
| 100 | _aObiols, Guillermo A. | ||
| 245 | 0 | _aCómo Estudiar: | |
| 250 | _a3a.ed. | ||
| 264 | _bNovedades Educativas | ||
| 942 | _cLIB | ||
| 999 |
_c8125 _d8125 |
||